000 00319 a2200145 4500
001 154583
040 _cEscola São Tomás de Aquino
100 _aFARIA, Moacir Alves de
240 1 0 _aFé na vida
_lpor
245 1 0 _aFé na vida
300 _a88
440 1 _aEditora do Brasil
697 _aRELIGIÃO
942 _cBK
999 _c154583
_d154583